| 000 | 00851nam a22003137a 4500 | ||
|---|---|---|---|
| 001 | 0189 | ||
| 003 | DO-SdBNP | ||
| 005 | 20180130101505.0 | ||
| 007 | 0189 | ||
| 008 | 151005b 200 1986 sp 00| 0 spa d | ||
| 020 | _a8420428035 | ||
| 040 |
_aBPMSU _bspa _cBPMSU |
||
| 092 |
_aXXXX _bXXXX |
||
| 100 | 1 | _aDinesen, Isak | |
| 240 | 1 | 0 | _aOut of Africa |
| 245 | 1 | 0 |
_aLejos de África / _cIsak Dinesen ; traducción Barbara McShane, Javier Alfaya |
| 250 | _a2a. ed. | ||
| 260 |
_aMadrid : _bAlfaguara, _c1986. |
||
| 300 |
_a401 p : _c20 cm. |
||
| 490 | 1 | _aLiteratura Alfaguara | |
| 500 | _aIncluye datos biografícos de la autora. | ||
| 700 | 1 | 2 |
_aMcShane, Barbara _etrad. |
| 700 | 1 | 2 |
_aAlfaya, Javier _etrad. |
| 830 | 0 | _aLiteratura Alfaguara | |
| 910 | _a144 | ||
| 942 |
_2ddc _cBK |
||
| 945 | _aInventariado, 2018 / BT | ||
| 956 | _aYngrid Lockward | ||
| 999 |
_c9314 _d9314 |
||